Представление документа в формате MARC21

Поле Инд. ПП Название Значение
Тип записи a
Библиографический уровень b
001 Контрольный номер RU/IS/BASE/196438400
005 Дата корректировки 20201207152108.2
008 Кодируемые данные 20060323
084 a Индекс другой классификации/Индекс ББК 88.532-8; 88.93
100 1_ a Автор Чумаков И. В.
q Полное имя Чумаков Игорь Витальевич
245 10 a Заглавие Психологическая карта учащегося группы риска в системе профилактики девиантного поведения подростков
650 04 a Основная рубрика практическая психология (прикладная психология)
a Основная рубрика психокоррекция
a Основная рубрика психология
a Основная рубрика социальная психология
a Основная рубрика психология личности
653 0_ a Ключевые слова девиантное поведение
a Ключевые слова детская психология
a Ключевые слова индивидуальная психокоррекция
a Ключевые слова коррекционно-реабилитационная работа
a Ключевые слова личностные особенности
a Ключевые слова педагогическая психология
a Ключевые слова подростки
a Ключевые слова профилактика девиаций
a Ключевые слова психолого-педагогическая помощь
a Ключевые слова психосоциальная коррекция
a Ключевые слова социализация школьников
a Ключевые слова трудные подростки
a Ключевые слова учащиеся
a Ключевые слова учебная дезадаптация
773 18 t Заглавие источника Вестник психосоциальной и коррекционно-реабилитационной работы
d Дата издания источника 2002
g Прочая информация № 2. - С. 41 - 57
w Контрольный № источника RU/IS/BASE/111247412
901 t Тип документа b